00000000nam 2200000zi 4500
0019.945375
003CaOODSP
00520250131125308
006m     o  d f      
007cr cn|||||||||
008241120e197811  oncad   ob   f000 0 fre d
040 |aCaOODSP|bfre|erda|cCaOODSP
041 |afre|beng
043 |an-cn---
0861 |aC54-1/68-1978F-PDF
1001 |aRobidoux, Jean, |d1937- |eauteur.
24510|aFacteurs de croissance de l'industrie canadienne de la motoneige (1959-1978) = |bStudy of the snowmobile industry in Canada and the role that technological innovation has played in its economic performance / |cJean Robidoux, Louis Marechal.
24611|aStudy of the snowmobile industry in Canada and the role that technological innovation has played in its economic performance
264 1|aOttawa, Canada : |bIndustrie et commerce, Direction de la technologie = Industry, Trade and Commerce, Technology Branch, |cNovember 1978.
300 |a1 ressource en ligne (1 volume (en pagination multiple)) : |billustrations, graphiques.
336 |atexte|btxt|2rdacontent/fre
337 |ainformatique|bc|2rdamedia/fre
338 |aressource en ligne|bcr|2rdacarrier/fre
4901 |aProgramme des études sur les innovations techniques : rapport de recherche = Technological innovation studies program : research report ; |v#68
500 |aÉdition numérisée de l'imprimé [par Innovation, sciences et développement économique Canada].
504 |aComprend des références bibliographiques.
546 |aComprend du texte en anglais.
650 6|aMotoneiges|xIndustrie|zCanada.
650 6|aInnovations|zCanada.
650 0|aSnowmobile industry|zCanada.
650 0|aTechnological innovations|zCanada.
7101 |aCanada. |bIndustrie et commerce. |bDirection de la technologie, |eorganisme de publication.
830#0|aTechnological innovation studies program : research report = Programme des études sur les innovations techniques : rapport de recherche ;|v#68|w(CaOODSP)9.874492
85640|qPDF|s3.20 Mo|uhttps://publications.gc.ca/collections/collection_2024/isde-ised/c54-1/C54-1-68-1978-fra.pdf